Vladimír Dvořáček: Rok 2000 bude musieť byť rokom privatizácie

Rozhovor s riaditeľom sekcie stratégie Fondu národného majetku (FNM) SR. Charakteristika činnosti sekcie. Rozšírenie náplne sekcie o stratégiu prístupu zahraničného kapitálu. Privatizácia, reprivatizácia, repo obchody. Aktuálna výška deficitu FNM SR. Príprava predaja Banky Slovakia a iných subjektov...

Celý popis

Uložené v:
Podrobná bibliografia
Hlavný autor: Hajko, Jozef
Ďalší autori: Medžová, Andrea, Dvořáček, Vladimír
Médium: Kapitola
Jazyk:Slovak
Predmet:
Tagy: Pridať tag
Žiadne tagy, Buďte prvý, kto otaguje tento záznam!

MARC

LEADER 00000naa a2200000 4500
001 r036633
005 20230921104209.3
041 0 |a slo 
044 |a SK 
245 1 0 |a Vladimír Dvořáček: Rok 2000 bude musieť byť rokom privatizácie  |c Jozef Hajko, Andrea Medžová, Vladimír Dvořáček 
520 |a Rozhovor s riaditeľom sekcie stratégie Fondu národného majetku (FNM) SR. Charakteristika činnosti sekcie. Rozšírenie náplne sekcie o stratégiu prístupu zahraničného kapitálu. Privatizácia, reprivatizácia, repo obchody. Aktuálna výška deficitu FNM SR. Príprava predaja Banky Slovakia a iných subjektov. Záväzky fondu a ich splácanie. 
610 2 0 |a privatizácia 
610 2 0 |a reprivatizácia 
610 2 0 |a repo obchody 
610 2 0 |a investície zahraničné 
610 2 0 |a akcie 
610 2 0 |a záväzky 
610 2 0 |a dlhopisy 
610 2 0 |a FNM SR Bratislava 
100 1 |a Hajko, Jozef 
700 1 |a Medžová, Andrea 
700 1 |a Dvořáček, Vladimír